| 000 | 01014nam a22002537a 4500 | ||
|---|---|---|---|
| 999 |
_c659 _d659 |
||
| 003 | AR-CdUCM | ||
| 008 | 190225b ||||| |||| 00| 0 spa d | ||
| 020 | _a84-231-0582-2 | ||
| 040 |
_aMUNICIPALIDAD PROVINCIAL DEL CUSCO _cBIBLIOTECA MUNICIPAL DEL CUSCO |
||
| 082 |
_a909 / _bG861 |
||
| 100 |
_aGrimberg, Carl _91720 |
||
| 245 |
_aGrecia : _bDe la cultura minoica a Italia prerromana / |
||
| 260 |
_aEspaña : _bEdiciones Daimon ; _c1967. |
||
| 300 |
_a380 páginas. : _bilustraciones, mapas, fotografías; _c18cm. |
||
| 440 |
_aHistoria Universal Daimon _91721 |
||
| 505 | _aContenido: La cultura Egea -- Los griego en la época legendaria -- Las transformaciones económicas y sociales de Grecia -- La filosofía y la poesía lírica en Grecia -- El siglo de oro de Pericles | ||
| 650 |
_aHistoria griega _92553 |
||
| 650 |
_aFilósofos griegos _92554 |
||
| 650 |
_aMonarquía _92534 |
||
| 650 |
_aRepública _9831 |
||
| 650 |
_aMitología griega _92250 |
||
| 942 |
_2ddc _cLIBROS |
||
| 945 |
_anom _d2019-02-25 |
||